Central Library OPAC University of Rajshahi

Tables of 1n T[z] for complex argument / (Record no. 7315)

MARC details
000 -LEADER
fixed length control field 01004cam a22002892 4500
001 - CONTROL NUMBER
control field 7315
003 - CONTROL NUMBER IDENTIFIER
rucl marc code UkOxU
005 - DATE AND TIME OF LATEST TRANSACTION
control field 20211208234410.0
008 - FIXED-LENGTH DATA ELEMENTS--GENERAL INFORMATION
fixed length control field 760629s1960 nyua 000 0 eng
035 ## - SYSTEM CONTROL NUMBER
System control number OCLC ocm02288652 from D970702M
040 ## - CATALOGING SOURCE
Original cataloging agency DLC
Transcribing agency TOL
Modifying agency OCL
-- EQO
Language of cataloging eng
041 1# - LANGUAGE CODE
Language code of text/sound track or separate title engrus
082 04 - DEWEY DECIMAL CLASSIFICATION NUMBER
Classification number 517.32
Author mark and year ABT
100 1# - MAIN ENTRY--PERSONAL NAME
Personal name Abramov, A. A.
Fuller form of name (Aleksandr Aleksandrovich)
9 (RLIN) 22844
245 10 - TITLE STATEMENT
Title Tables of 1n T[z] for complex argument /
Statement of responsibility, etc. Translated from the Russian by D. G. Fry.
260 ## - PUBLICATION, DISTRIBUTION, ETC. (IMPRINT)
Place of publication, distribution, etc. New York :
Name of publisher, distributor, etc. Pergamon Press,
Date of publication, distribution, etc. 1960.
300 ## - PHYSICAL DESCRIPTION
Pagination 331 p. ;
Illustrations illus.;
Size 25 cm.
490 1# - SERIES STATEMENT
Series statement Mathematical tables ;
Volume/sequential designation [v. 4]
500 ## - GENERAL NOTE
General note At head of title: U.S.S.R. Academy of Sciences. Institute of Precision Mechanics and Computational Technology.
650 #0 - SUBJECT ADDED ENTRY--TOPICAL TERM
Topical term or geographic name as entry element Gamma functions.
9 (RLIN) 22845
Topical term or geographic name as entry element Functions of complex variables.
9 (RLIN) 22846
830 #0 - SERIES ADDED ENTRY--UNIFORM TITLE
Volume number/sequential designation [v. 4].
Uniform title Mathematical tables series ;
942 ## - ADDED ENTRY ELEMENTS (KOHA)
Source of classification or shelving scheme Dewey Decimal Classification
Koha item type Books
Holdings
Lost status Source of classification or shelving scheme Damaged status Not for loan Collection code Permanent Location Current Location Shelving location Date acquired Source of acquisition Cost, normal purchase price Total Checkouts Full call number Date last seen Copy number Koha item type
  Dewey Decimal Classification     Non-fiction Central Library, University of Rajshahi Central Library, University of Rajshahi   26/03/1964 Zeitlinger 105.00   517.32 ABT 1960 13/01/2014 C-2 Books
  Dewey Decimal Classification   Not For Loan Non-fiction Central Library, University of Rajshahi Central Library, University of Rajshahi Reading Room 26/03/1964 Zeithinger 105.00   517.32 ABT 1960 06/04/2017 C-1 Books